General knowledge för KRISTINA GRANELLI #4 - Statistics

General Stats
  • This quiz has been taken 2 times
  • The average score is 15 of 30
Answer Stats
Hint Answer % Correct
Vad är "Crescent" "Monark" och "Scott" exempel på? Cykelmärken
100%
Vad dog Tage Danielsson av år 1985? Hudcancer
100%
Vad kallas det filmprojektionssystem som har en kapacitet att visa film på större dukar och med bättre kvalitet än vanliga filmprojektionssystem? iMax
100%
Vad är "Otrivin" och "Nezeril" exempel på? Nässpray
100%
Från vilket land kommer bilmärket Kia ifrån? Sydkorea
100%
Vad är "Blåtunga"? Virussjukdom
100%
Vem spelar huvudpersonen "Nora" i "Morden i Sandhamn"? Alexandra Rapaport
50%
Utanför vilken stad ligger Harvard university? Boston
50%
Efter vem är Paris internationella flygplats uppkallas efter? Charles de Gaulle
50%
Vad kallas instrumentet som på en båt antingen mäter djup eller hitta fisk? Ekolod
50%
Vad är Lapplands landskapsdjur? Fjällräv
50%
Vilken färg har siffran "0" på ett roulette-hjul? Grön
50%
Vad kallas mynningen på en vulkan? Krater
50%
Vad heter kommisarie "Beck" i förnamn? Martin
50%
Vad heter huvudpersonen Al Pacino spelar i Gudfadern-filmerna? Michael Corleone
50%
Vem har skrivit "Du gamla, Du fria"? Richard Dybeck
50%
Vad är Robyn Fenty mer känd som? Rihanna
50%
Vilket slangord härstammandes från internet valdes av Oxford till årets engelska ord 2023 och betyder ungefär Karisma? Rizz
50%
Vad står VVS för? Sanitet
50%
Vad kallas en flygvärd/flygvärdinna som ansvarar för maten och servering ombord? Steward/Stewardess
50%
Från vilken stad kommer bandet AD/DC? Sydney
50%
Vad står VVS för? Värme
50%
Vad står VVS för? Ventilation
50%
Vad heter Freds fru i "The Flintstones"? Wilma
50%
Vad heter sångaren i Pearl Jam? Eddie Vedder
0%
Vad kallas en jurist som genomgår domarutbildning? Fiskal
0%
Vem har regisserat Gudfadern-filmerna? Francis Ford Coppola
0%
På vilken ö satt Nelson Mandela majoriteten av sitt fängelsestraff på? Robben island
0%
I vilken stad ligger "Igelstabron"? Södertälje
0%
Vad ligger grund till den japanska smaktillsatsen "Miso"? Sojabönor
0%
No matching quizzes found
Score Distribution
Percent of People with Each Score
Percentile by Number Answered
Your Score History
You have not taken this quiz